00397nam a2200133Ia 4500008004100000020001800041040001300059082001800072100001700090245006800107260003800175300003200213700001800245191130s2008##################000#0#eng## a9788122414332 aACLcACL a650.01513 SRI aSrinivasa, G aBusiness mathematics and statisticscG. Srinivasa, Deepa George aNew DelhibNew Age Pvt. Ltdc2008 axiv, 520 p. : ill. ; 25 cm. aGeorge, Deepa